[Event "World Senior 50+ 2014"]
[Site "Katerini GRE"]
[Date "2014.10.29"]
[Round "6.17"]
[White "Vardakas, Stefanos"]
[Black "Bluvshtein, Ilia"]
[Result "1/2-1/2"]
[WhiteElo "1954"]
[BlackElo "2088"]
[WhiteFideId "4205294"]
[BlackFideId "2605317"]
[EventDate "2014.10.24"]

1. e4 e5 2. Nf3 Nc6 3. Nc3 Nf6 4. d4 exd4 5. Nxd4 Bb4 6. Nxc6 bxc6 7. Bd3 O-O 8.
O-O d5 9. exd5 cxd5 10. Bg5 c6 11. Qf3 Be7 12. Rfe1 Be6 13. Ne2 h6 14. Bh4 c5
15. Bf5 Rb8 16. Bxe6 fxe6 17. Nf4 Rf7 18. Nxe6 Qd7 19. Rad1 Rxb2 20. h3 Rb6 21.
Qe2 g5 22. Bg3 Bd6 23. Qd3 Ne4 24. Rxe4 dxe4 25. Qxe4 Rf6 26. Qa8+ Kh7 27. Nf8+
Rxf8 28. Qxf8 Bxf8 29. Rxd7+ Kg6 30. Rxa7 Rb1+ 31. Kh2 Rb2 32. c4 Rc2 33. Ra4
Bg7 34. f3 h5 35. h4 Bd4 36. hxg5 Kxg5 37. f4+ Kg4 38. Ra6 Bg1+ 39. Kxg1 Kxg3
40. Rg6+ Kxf4 41. Kh2 Rxc4 42. Rc6 Ke5 43. a4 Kd5 44. Rh6 Rxa4 45. Rxh5+ Kc6 46.
Kg3 Re4 47. Kf3 Re7 48. g4 c4 49. Kf4 Kd6 50. g5 c3 51. Rh1 Kd5 52. Kf5 Kd4 53.
Rd1+ Kc4 54. g6 c2 55. Rc1 Kd3 1/2-1/2

[Event "World Senior 50+ 2014"]
[Site "Katerini GRE"]
[Date "2014.10.29"]
[Round "6.18"]
[White "Ismail, Ahmad"]
[Black "Patola, Eero"]
[Result "1/2-1/2"]
[WhiteElo "2075"]
[BlackElo "1857"]
[WhiteFideId "5700655"]
[BlackFideId "504092"]
[EventDate "2014.10.24"]

1. d4 f5 2. Nc3 Nf6 3. Bg5 g6 4. Bxf6 exf6 5. Qd2 c6 6. e4 fxe4 7. Nxe4 d5 8.
Nc3 Bb4 9. Bd3 Qa5 10. Nge2 c5 11. Qh6 cxd4 12. Bxg6+ Kd8 13. Bxh7 Qb6 14. O-O-O
dxc3 15. Rxd5+ Nd7 16. Nxc3 Bxc3 17. bxc3 Qe6 18. Rhd1 Qf7 19. Rh5 a5 20. Rh3
Ra6 21. Rdd3 Re6 22. Bg6 Rxh6 23. Bxf7 Rxh3 24. Rxh3 Re2 25. Rh8+ Kc7 26. h4
Rxf2 27. Bd5 Ne5 28. Rh7+ Kd6 29. Be4 Nc4 30. Bd3 Ne5 31. Be4 1/2-1/2

[Event "World Senior 50+ 2014"]
[Site "Katerini GRE"]
[Date "2014.10.29"]
[Round "6.19"]
[White "Hafez, Bakr"]
[Black "Wilson, F Leon"]
[Result "1-0"]
[WhiteTitle "IM"]
[WhiteElo "2013"]
[BlackElo "1572"]
[WhiteFideId "8103607"]
[BlackFideId "2048302"]
[EventDate "2014.10.24"]

1. e4 c5 2. c3 d5 3. exd5 Qxd5 4. Nf3 Nf6 5. d4 cxd4 6. cxd4 e6 7. Nc3 Qd6 8.
Bd3 Be7 9. Nb5 Qb6 10. O-O a6 11. Nc3 O-O 12. Qe2 Re8 13. Be3 Qd8 14. Rad1 Nd5
15. Ne5 f5 16. g4 Rf8 17. gxf5 exf5 18. Nxd5 Be6 19. Nf4 Bxa2 20. Bc4+ Bxc4 21.
Qxc4+ Kh8 22. Nf7+ Rxf7 23. Qxf7 Nc6 24. Ne6 Qg8 25. Qxf5 Bf6 26. Nf4 Ne7 27.
Qh3 Qf7 28. Rc1 Rd8 29. Qe6 Qe8 30. d5 Qf8 31. Qe4 Re8 32. Ne6 Qf7 33. Rc7 Qh5
34. Nf4 Qg4+ 35. Kh1 Qg5 36. d6 Qb5 37. Qd3 Qxd3 38. Nxd3 Ng8 39. Rxb7 h6 40. d7
Re6 41. Rc1 Rd6 42. Nf4 Kh7 43. Rc8 Ne7 44. d8=Q Nxc8 45. Qxc8 Rd1+ 46. Kg2 a5
47. Qf5+ Kg8 48. Rb8+ Kf7 49. Qe6# 1-0

[Event "World Senior 50+ 2014"]
[Site "Katerini GRE"]
[Date "2014.10.29"]
[Round "6.21"]
[White "Lim, Kian Hwa"]
[Black "Zybura, Andre"]
[Result "1-0"]
[WhiteElo "1787"]
[BlackElo "1975"]
[WhiteFideId "5700744"]
[BlackFideId "2606208"]
[EventDate "2014.10.24"]

1. e4 e5 2. Nf3 Nf6 3. Nc3 Nc6 4. Bb5 Nd4 5. Ba4 Bc5 6. d3 O-O 7. O-O c6 8. h3
d6 9. Nxd4 Bxd4 10. Ne2 Bb6 11. Ng3 Be6 12. c3 h6 13. Bc2 Qd7 14. Qf3 Nh7 15.
Nf5 Bxf5 16. exf5 Ng5 17. Qg4 f6 18. d4 exd4 19. cxd4 Rfe8 20. Bd2 d5 21. h4 Nf7
22. Rfe1 Rxe1+ 23. Rxe1 Re8 24. Re6 Kh8 25. Qe2 Nd6 26. Bc3 c5 27. dxc5 Bxc5 28.
b4 Bb6 29. a4 Bc7 30. Bd4 b6 31. f3 Bd8 32. Bb3 Be7 33. g4 Nf7 34. Qe3 Kh7 35.
Bc2 Qc7 36. Qf2 Rc8 37. Re2 Ne5 38. Bxe5 Bxb4 39. Bxc7 Bc5 40. Qxc5 bxc5 41. Re7
c4 42. g5 1-0

[Event "World Senior 50+ 2014"]
[Site "Katerini GRE"]
[Date "2014.10.29"]
[Round "6.22"]
[White "Auvinen, Esa"]
[Black "Ferreira, Alexander"]
[Result "1-0"]
[WhiteElo "1972"]
[BlackElo "1657"]
[WhiteFideId "501069"]
[BlackFideId "2102935"]
[EventDate "2014.10.24"]

1. e4 e5 2. Nf3 Nc6 3. Bb5 a6 4. Bxc6 dxc6 5. d4 Bg4 6. dxe5 Qxd1+ 7. Kxd1
O-O-O+ 8. Ke2 Bc5 9. Be3 Bxe3 10. Kxe3 h6 11. Nc3 Ne7 12. Nd2 Ng6 13. f4 Bd7 14.
Nf3 Rhe8 15. Rad1 Bg4 16. Rxd8+ Rxd8 17. Rd1 Rxd1 18. Nxd1 Bxf3 19. Kxf3 c5 20.
Ne3 Ne7 21. Nf5 Nxf5 22. exf5 Kd7 23. Ke4 c6 24. g4 b5 25. h4 a5 26. g5 h5 27.
g6 Ke7 28. c3 f6 29. Kd3 a4 30. b4 Kf8 31. a3 cxb4 32. cxb4 Ke7 33. Kd4 1-0

[Event "World Senior 50+ 2014"]
[Site "Katerini GRE"]
[Date "2014.10.29"]
[Round "6.23"]
[White "Bobke, Laurenz"]
[Black "Caribe Santos, Luiz Carlos"]
[Result "1-0"]
[WhiteElo "1715"]
[BlackElo "1590"]
[WhiteFideId "1270575"]
[BlackFideId "2171708"]
[EventDate "2014.10.24"]

1. d4 d5 2. Bf4 Nf6 3. e3 e6 4. Bd3 Nbd7 5. Nd2 c5 6. c3 c4 7. Bc2 b5 8. b4 a5
9. a3 Bb7 10. Ngf3 Be7 11. h3 O-O 12. O-O Nh5 13. Bh2 f5 14. Qb1 Nhf6 15. Ng5
Qb6 16. f4 h6 17. Ngf3 axb4 18. axb4 Rxa1 19. Qxa1 Ra8 20. Qb2 Qa7 21. Nb1 Qa2
22. Qc1 Qa7 23. Qd1 Ne4 24. g4 Qa1 25. Bxe4 dxe4 26. Ne5 Nxe5 27. fxe5 Bg5 28.
Qe1 Rf8 29. gxf5 exf5 30. h4 Be7 31. Qf2 Qa6 32. h5 Qe6 33. Qg2 Kh7 34. Bf4 Rg8
35. Kh2 g6 36. hxg6+ Qxg6 37. Qh3 h5 38. Na3 Bc6 39. Nc2 Qg4 40. Na3 Qxh3+ 41.
Kxh3 Bd7 42. d5 Ra8 43. Ra1 Ra6 44. Nc2 Rxa1 45. Nxa1 Kg6 46. Nc2 Bg5 47. e6
Bxf4 48. exf4 Bc8 49. Nd4 Kf6 50. Kh4 Kg6 51. d6 Bxe6 52. Nxe6 e3 53. Nd4 Kf6
54. Kxh5 Kf7 55. Kg5 Ke8 56. Kxf5 Kd7 57. Ke5 1-0

[Event "World Senior 50+ 2014"]
[Site "Katerini GRE"]
[Date "2014.10.31"]
[Round "7.1"]
[White "Sturua, Zurab"]
[Black "Sveshnikov, Evgeny"]
[Result "1/2-1/2"]
[WhiteTitle "GM"]
[BlackTitle "GM"]
[WhiteElo "2523"]
[BlackElo "2517"]
[WhiteFideId "13600095"]
[BlackFideId "4100638"]
[EventDate "2014.10.24"]

1. c4 e6 2. Nf3 d5 3. b3 Be7 4. Bb2 Bf6 5. Nc3 c5 6. cxd5 exd5 7. d4 cxd4 8.
Nxd4 Ne7 9. g3 Qa5 10. Qd2 Nbc6 11. Nxc6 Nxc6 12. Na4 Qxd2+ 13. Kxd2 Bxb2 14.
Nxb2 Bf5 15. Bg2 Be4 16. f3 Bf5 17. g4 Be6 18. Nd3 Ke7 19. h3 h5 20. f4 hxg4 21.
hxg4 g6 22. Nf2 a5 23. Rxh8 Rxh8 24. Rh1 Rxh1 25. Bxh1 Kd6 26. e4 dxe4 27. Nxe4+
Kc7 28. Nf6 Kd6 29. Kc3 Nb4 30. a3 Nd5+ 31. Bxd5 Bxd5 32. b4 axb4+ 33. axb4 Be6
34. Kd4 Kc6 35. g5 1/2-1/2

[Event "World Senior 50+ 2014"]
[Site "Katerini GRE"]
[Date "2014.10.31"]
[Round "7.2"]
[White "Nunn, John D M"]
[Black "Barle, Janez"]
[Result "1-0"]
[WhiteTitle "GM"]
[BlackTitle "IM"]
[WhiteElo "2602"]
[BlackElo "2338"]
[WhiteFideId "400017"]
[BlackFideId "14600021"]
[EventDate "2014.10.24"]

1. e4 e5 2. Nf3 Nc6 3. Bb5 d6 4. d4 Bd7 5. O-O Nf6 6. Re1 Be7 7. Nc3 exd4 8.
Nxd4 O-O 9. Bxc6 bxc6 10. Qf3 c5 11. Nf5 Bxf5 12. Qxf5 Qc8 13. Qf3 Qb7 14. b3
Rfe8 15. Bb2 Bf8 16. Qd3 c6 17. Na4 Re6 18. Bxf6 Rxf6 19. e5 dxe5 20. Rxe5 Rd6
21. Qc3 Rd5 22. Rae1 Qd7 23. g3 g6 24. Qe3 Rxe5 25. Qxe5 Qd2 26. Re2 Qd1+ 27.
Kg2 Rd8 28. Nc3 Qd4 29. Qc7 f5 30. Re3 Qd7 31. Qf4 Qd4 32. Qf3 Qf6 33. Ne4 Qd4
34. Ng5 Qd5 35. Ne6 Re8 36. Nf4 Qxf3+ 37. Kxf3 Rxe3+ 38. Kxe3 c4 39. bxc4 Kf7
40. Kd4 Ke7 41. f3 Bg7+ 42. Kc5 Kd7 43. Kb4 Bd4 44. Ka5 Bg1 45. h3 Bf2 46. g4
fxg4 47. fxg4 Be3 48. Nd3 Kc7 49. Ka6 h5 50. c5 hxg4 51. hxg4 g5 52. Kxa7 Bd4
53. Ka6 Be3 54. Ka5 Bd2+ 55. Ka4 Kd7 56. Kb3 Ke6 57. Kc4 1-0

[Event "World Senior 50+ 2014"]
[Site "Katerini GRE"]
[Date "2014.10.31"]
[Round "7.3"]
[White "Hebden, Mark L"]
[Black "Kristiansen, Jens"]
[Result "1/2-1/2"]
[WhiteTitle "GM"]
[BlackTitle "GM"]
[WhiteElo "2540"]
[BlackElo "2405"]
[WhiteFideId "400084"]
[BlackFideId "1400061"]
[EventDate "2014.10.24"]

1. d4 f5 2. g3 Nf6 3. Bg2 g6 4. Nf3 Bg7 5. O-O O-O 6. c4 d6 7. Nc3 e6 8. Qc2 Nc6
9. d5 Nb4 10. Qd1 e5 11. Ng5 Na6 12. e4 Qe7 13. f4 Nxe4 14. Ncxe4 fxe4 15. fxe5
Rxf1+ 16. Qxf1 Bxe5 17. Bf4 Bxb2 18. Re1 Nc5 19. Nxe4 Nxe4 20. Rxe4 Qf6 21. h4
Bf5 22. Bg5 Qf8 23. Re2 Bd4+ 24. Kh2 Re8 25. Qe1 Rxe2 26. Qxe2 Be5 27. c5 h6 28.
Bd2 Qf6 29. Qc4 Kg7 30. cxd6 Qxd6 31. Bc3 Qf6 32. Bxe5 Qxe5 33. d6 Qxd6 34. Bxb7
Be6 35. Qc3+ Kh7 36. a4 Bf7 37. Bc6 g5 38. hxg5 hxg5 39. a5 Bg6 40. Kg1 Qd3 41.
Qxd3 Bxd3 42. Kf2 Kg7 43. Ke3 Bf5 44. Kd4 Kf6 45. Kc5 Ke5 46. a6 Bg4 47. Bb7 Bd7
48. Bc6 Bg4 1/2-1/2

[Event "World Senior 50+ 2014"]
[Site "Katerini GRE"]
[Date "2014.10.31"]
[Round "7.5"]
[White "Arkell, Keith C"]
[Black "Kalegin, Evgenij"]
[Result "1-0"]
[WhiteTitle "GM"]
[BlackTitle "IM"]
[WhiteElo "2450"]
[BlackElo "2474"]
[WhiteFideId "400270"]
[BlackFideId "4103416"]
[EventDate "2014.10.24"]

1. d4 Nf6 2. Nf3 g6 3. c4 Bg7 4. Nc3 O-O 5. g3 d6 6. Bg2 Nbd7 7. O-O e5 8. e4 c6
9. h3 exd4 10. Nxd4 Qb6 11. Nc2 Ne8 12. Bd2 Ne5 13. b3 f5 14. Rc1 Nf6 15. exf5
Bxf5 16. Be3 Qc7 17. Nd4 Bd7 18. Qd2 Rae8 19. Rcd1 a6 20. Kh2 Bc8 21. Nde2 Qa5
22. Nd5 Qxd2 23. Nxf6+ Rxf6 24. Rxd2 Nf3+ 25. Bxf3 Rxf3 26. Bf4 Bf5 27. Ng1 Rc3
28. g4 Bd3 29. Rfd1 Bc2 30. Rc1 Be4 31. Re1 c5 32. Rde2 g5 33. Bg3 1-0

[Event "World Senior 50+ 2014"]
[Site "Katerini GRE"]
[Date "2014.10.31"]
[Round "7.6"]
[White "Movsziszian, Karen"]
[Black "Malinin, Vasily B."]
[Result "1-0"]
[WhiteTitle "GM"]
[BlackTitle "GM"]
[WhiteElo "2487"]
[BlackElo "2280"]
[WhiteFideId "13301152"]
[BlackFideId "4140249"]
[EventDate "2014.10.24"]

1. g3 e5 2. Bg2 d5 3. d3 Nc6 4. a3 Be6 5. Nd2 Qd7 6. b4 Nge7 7. Bb2 f6 8. c4 g5
9. Rc1 Ng6 10. e3 Be7 11. h3 O-O 12. cxd5 Bxd5 13. Bxd5+ Qxd5 14. Qb3 Rfd8 15.
Ke2 Kg7 16. Ngf3 Rd7 17. Qxd5 Rxd5 18. Ne4 a5 19. Nc3 Rd7 20. b5 Nd8 21. d4 Ne6
22. dxe5 Nxe5 23. Nxe5 fxe5 24. Ne4 Kg6 25. a4 Rad8 26. Rc2 h5 27. g4 Rd5 28.
Rhc1 hxg4 29. hxg4 Bb4 30. Bc3 Bxc3 31. Rxc3 R8d7 32. R3c2 Rh7 33. Rd2 Rxd2+ 34.
Nxd2 Kf6 35. Ne4+ Kg6 36. Rd1 Re7 37. Rd5 Nf8 38. Nc5 b6 39. Ne4 Nd7 40. Kd3 Rf7
41. Kc4 Nf6 42. Rxe5 Nxe4 43. Rxe4 Rxf2 44. Re6+ Kf7 45. Rc6 Rg2 46. Kd5 Rxg4
47. Rxc7+ Kg6 48. e4 Rg1 49. Rc6+ Kg7 50. Rxb6 Ra1 51. Rb7+ Kg6 52. b6 Rxa4 53.
Rb8 Rb4 54. b7 Kg7 55. e5 Rb1 56. e6 Rd1+ 57. Kc5 Rc1+ 58. Kb6 Rb1+ 59. Ka7 Kf6
60. Rg8 a4 61. e7 Kxe7 62. Rxg5 Kd6 1-0

[Event "World Senior 50+ 2014"]
[Site "Katerini GRE"]
[Date "2014.10.31"]
[Round "7.7"]
[White "Stepovoj, Vladimir"]
[Black "Yasin, Hur"]
[Result "0-1"]
[WhiteTitle "IM"]
[WhiteElo "2323"]
[BlackElo "2138"]
[WhiteFideId "4120159"]
[BlackFideId "6300170"]
[EventDate "2014.10.24"]

1. d4 Nf6 2. c4 e6 3. g3 d5 4. Bg2 Bb4+ 5. Bd2 Be7 6. Nc3 O-O 7. Nf3 dxc4 8. Qa4
a6 9. Qxc4 b5 10. Qd3 Bb7 11. O-O c5 12. Rfd1 Nbd7 13. Bf4 c4 14. Qc2 b4 15. Na4
Qa5 16. Nd2 Bxg2 17. Kxg2 Rac8 18. e4 c3 19. bxc3 bxc3 20. Nb1 Nxe4 21. f3 Nef6
22. Nbxc3 Nd5 23. Bd2 Bb4 24. Rac1 Rc4 25. Qd3 Rfc8 26. Nc5 Bxc3 27. Nxd7 Bxd2
28. Rxc4 Rxc4 29. Rxd2 Ra4 30. Rb2 Rxa2 31. Qb3 Rxb2+ 32. Qxb2 Ne3+ 0-1

[Event "World Senior 50+ 2014"]
[Site "Katerini GRE"]
[Date "2014.10.31"]
[Round "7.8"]
[White "Habibi, Ali"]
[Black "Bouaziz, Slim"]
[Result "0-1"]
[WhiteTitle "IM"]
[BlackTitle "GM"]
[WhiteElo "2247"]
[BlackElo "2321"]
[WhiteFideId "4604393"]
[BlackFideId "5500010"]
[EventDate "2014.10.24"]

1. g3 d5 2. Bg2 e5 3. d3 Nc6 4. Nf3 g6 5. O-O Bg7 6. Nc3 Nge7 7. e4 d4 8. Ne2
O-O 9. c3 Bg4 10. h3 Bxf3 11. Bxf3 dxc3 12. bxc3 Qd7 13. Kg2 Rfd8 14. Qb3 Qxd3
15. Be3 Na5 16. Qa4 Nec6 17. Rab1 b6 18. g4 Qc4 19. Qc2 Nd4 20. Bxd4 exd4 21.
Rb4 Qc5 22. Qa4 dxc3 23. Rb5 Qe7 24. Rc1 Rd2 25. e5 c6 26. Rxa5 bxa5 27. Nxc3
Qc5 28. Ne2 Qxe5 29. Qxc6 Rad8 30. Rc5 Qe8 31. Qa6 Bd4 32. Rxa5 Bb6 33. Ra4 Qe7
34. Rf4 Qc5 35. Be4 Qa5 36. Qc4 Qxa2 37. Qxa2 Rxa2 38. Nc3 Rad2 39. Rf3 Ba5 40.
Nb5 Bb6 41. Nc3 Kg7 42. g5 Bd4 43. Nb5 Bc5 44. Nc3 Be7 45. h4 f6 46. Bb1 fxg5
47. hxg5 Rf8 48. Ne4 Rxf3 49. Kxf3 Rb2 50. Bd3 a5 0-1

[Event "World Senior 50+ 2014"]
[Site "Katerini GRE"]
[Date "2014.10.31"]
[Round "7.9"]
[White "Alexakis, Dimitrios"]
[Black "Frick, Christoph"]
[Result "1-0"]
[WhiteElo "2224"]
[BlackElo "2241"]
[WhiteFideId "4200527"]
[BlackFideId "4607090"]
[EventDate "2014.10.24"]

1. e4 g6 2. d4 Bg7 3. Nc3 d6 4. Bg5 Nc6 5. Bb5 a6 6. Bxc6+ bxc6 7. Nge2 Rb8 8.
Rb1 Nf6 9. h3 O-O 10. O-O Bb7 11. f4 Nd7 12. Qd2 c5 13. d5 c6 14. f5 cxd5 15.
exd5 Nf6 16. Rbe1 Bc8 17. fxg6 hxg6 18. b3 Rb4 19. a3 Rb7 20. Bh6 Qa5 21. a4 Qc7
22. Ng3 c4 23. Bxg7 Kxg7 24. Nce4 cxb3 25. Nxf6 exf6 26. cxb3 Rxb3 27. Ne4 Bf5
28. Rxf5 gxf5 29. Nxf6 Kg6 30. h4 Rg3 31. h5+ Kg7 32. Ne8+ Rxe8 33. Rxe8 Qc3 34.
Qf4 Rg4 35. h6+ Kf6 36. h7 Qc5+ 37. Kh2 Rxf4 38. h8=Q+ 1-0

[Event "World Senior 50+ 2014"]
[Site "Katerini GRE"]
[Date "2014.10.31"]
[Round "7.10"]
[White "Chapman, Terry P D"]
[Black "Sideris, Nikiforos"]
[Result "1-0"]
[WhiteTitle "FM"]
[WhiteElo "2304"]
[BlackElo "2017"]
[WhiteFideId "413399"]
[BlackFideId "4204271"]
[EventDate "2014.10.24"]

1. Nf3 c5 2. c4 Nc6 3. d4 cxd4 4. Nxd4 Nf6 5. Nc3 e6 6. a3 d5 7. cxd5 Nxd5 8.
Nxc6 bxc6 9. Qc2 Be7 10. e4 Nf6 11. Be2 O-O 12. O-O Bb7 13. Rd1 Qc7 14. Be3 c5
15. Rac1 Rfd8 16. Rxd8+ Rxd8 17. g3 Qc6 18. f3 Nd7 19. Bb5 Qc7 20. Na4 Ne5 21.
Be2 c4 22. f4 Nd7 23. Qxc4 Qb8 24. Nc3 Rc8 25. Qd4 Bc5 26. Qd2 Qa8 27. Bd3 h6
28. Bc2 Rd8 29. Rd1 Be7 30. Qf2 a6 31. e5 Nf8 32. Rxd8 Bxd8 33. Bd4 Ng6 34. Qe2
Ne7 35. Ne4 Nf5 36. Bf2 Be7 37. b4 Qd8 38. Qd3 Qxd3 39. Bxd3 h5 40. Nc5 Bxc5 41.
Bxc5 1-0

[Event "World Senior 50+ 2014"]
[Site "Katerini GRE"]
[Date "2014.10.31"]
[Round "7.11"]
[White "Kempen, Leon"]
[Black "Heinig, Wolfram"]
[Result "1/2-1/2"]
[WhiteTitle "CM"]
[BlackTitle "FM"]
[WhiteElo "1949"]
[BlackElo "2296"]
[WhiteFideId "3203786"]
[BlackFideId "4611926"]
[EventDate "2014.10.24"]

1. d4 Nf6 2. c4 d6 3. Nc3 Nbd7 4. e4 e5 5. d5 Nc5 6. Qc2 a5 7. h3 g6 8. Be3 Bg7
9. Nf3 Nh5 10. g3 O-O 11. Be2 f5 12. Bxc5 dxc5 13. Nd2 Nf6 14. h4 Bd7 15. h5 Qe7
16. hxg6 hxg6 17. O-O-O Ng4 18. Rdf1 f4 19. Bxg4 Bxg4 20. f3 Bd7 21. g4 Kf7 22.
Qd1 Rh8 23. Qe1 Bf6 24. Rxh8 Rxh8 25. Rh1 Rxh1 26. Qxh1 Bh4 27. Nb3 b6 28. Nd2
Kg7 29. Nb5 c6 30. Nc3 Bf2 31. dxc6 Bxc6 32. Nd5 1/2-1/2

[Event "World Senior 50+ 2014"]
[Site "Katerini GRE"]
[Date "2014.10.31"]
[Round "7.12"]
[White "Pashkov, Vladimir M."]
[Black "Shevelev, Arkady"]
[Result "0-1"]
[BlackTitle "IM"]
[WhiteElo "1818"]
[BlackElo "2295"]
[WhiteFideId "24194778"]
[BlackFideId "2802163"]
[EventDate "2014.10.24"]

1. d4 Nf6 2. Nf3 d5 3. e3 c5 4. c4 cxd4 5. exd4 g6 6. Nc3 Bg7 7. Bf4 O-O 8. Rc1
Nc6 9. Nb5 Bg4 10. Nc7 Rc8 11. Nxd5 Nxd5 12. cxd5 Qxd5 13. Be2 Bxf3 14. Bxf3
Qe6+ 15. Kf1 Nxd4 16. Bxb7 Rxc1 17. Qxc1 Qe2+ 18. Kg1 Qb5 19. Bf3 Nxf3+ 20. gxf3
Qxb2 21. Qxb2 Bxb2 22. Kg2 Bd4 23. Be3 Bxe3 24. fxe3 Rc8 25. Kg3 Rc2 26. Ra1 Re2
27. e4 e5 28. a4 Rc2 29. Rb1 Rc5 30. Rb4 Kg7 31. Rb7 Ra5 32. Rb4 Kf6 33. Kg4 h6
34. Rc4 Ra6 35. h4 h5+ 36. Kg3 Ke6 37. Rb4 Rb6 38. Rc4 Kd6 39. f4 Rb3+ 40. Kg2
exf4 41. e5+ Kxe5 42. Rc7 f6 43. Rxa7 Kf5 44. a5 Kg4 45. Ra6 Rb2+ 46. Kf1 Kxh4
47. Rxf6 g5 48. a6 Ra2 49. Rd6 g4 0-1

[Event "World Senior 50+ 2014"]
[Site "Katerini GRE"]
[Date "2014.10.31"]
[Round "7.13"]
[White "Furman, Boris"]
[Black "Madeira, Wagner Martins"]
[Result "1-0"]
[WhiteTitle "FM"]
[BlackTitle "FM"]
[WhiteElo "2152"]
[BlackElo "2207"]
[WhiteFideId "4107187"]
[BlackFideId "2100797"]
[EventDate "2014.10.24"]

1. d4 Nf6 2. c4 c5 3. d5 e6 4. Nc3 exd5 5. cxd5 d6 6. Nf3 a6 7. a4 g6 8. Bg5 h6
9. Bh4 g5 10. Bg3 Nh5 11. e3 Bg7 12. Bd3 Nxg3 13. hxg3 O-O 14. O-O f5 15. Qc2 a5
16. Rad1 Na6 17. Qd2 Nb4 18. Bb1 b6 19. Rfe1 Ra7 20. e4 fxe4 21. Rxe4 Raf7 22.
Qe3 Bf5 23. Re6 Bxb1 24. Rxb1 g4 25. Nh4 Rxf2 26. Qe4 Qg5 27. Rg6 Qe5 28. Qxe5
dxe5 29. Rxg4 Kh7 30. Nf3 Rc2 31. d6 Nc6 32. Nd5 Nd4 33. Rf1 Nxf3+ 34. Rxf3 Rxf3
35. gxf3 Rd2 36. Nxb6 Rxd6 37. Nc4 Rd1+ 38. Kf2 e4 39. Rxe4 Bd4+ 40. Ke2 Rg1 41.
g4 Bxb2 42. Nxa5 Ra1 43. Nb3 Ra2 44. Kd3 Ba3 45. Re1 Rf2 46. Re3 Bb4 47. Kc4
Rc2+ 48. Kb5 Kg6 49. Re6+ Kg5 50. Re5+ Kf4 51. Rf5+ Ke3 52. a5 Bxa5 53. Nxa5 Rf2
54. Nc4+ Kd4 55. Rf4+ Kd5 56. Ne3+ Ke5 57. Re4+ Kd6 58. f4 Rb2+ 59. Kc4 Rb4+ 60.
Kd3 Rb3+ 61. Ke2 1-0

[Event "World Senior 50+ 2014"]
[Site "Katerini GRE"]
[Date "2014.10.31"]
[Round "7.14"]
[White "Nikolaidis, Konstantinos"]
[Black "Hafez, Bakr"]
[Result "1-0"]
[WhiteTitle "FM"]
[BlackTitle "IM"]
[WhiteElo "2178"]
[BlackElo "2013"]
[WhiteFideId "4200578"]
[BlackFideId "8103607"]
[EventDate "2014.10.24"]

1. d4 Nf6 2. c4 e6 3. Nc3 Bb4 4. e3 O-O 5. Bd3 c5 6. Ne2 b6 7. O-O cxd4 8. exd4
Bb7 9. a3 Bxc3 10. Nxc3 d5 11. cxd5 Nxd5 12. Qh5 g6 13. Qh3 Nxc3 14. bxc3 Qc7
15. Bd2 Nc6 16. f4 f5 17. Rfe1 Rfe8 18. Bc4 Nxd4 19. Ba2 Nc2 20. Rxe6 Rxe6 21.
Bxe6+ Kg7 22. c4 Kf6 23. Rc1 Be4 24. Bd5 Qc5+ 25. Kh1 Qf2 26. Bc3+ Nd4 27. Bxa8
Bxa8 28. Rd1 Qxf4 29. Bxd4+ Ke6 30. Qe3+ Qe4 31. Kg1 h6 32. Re1 Kf7 33. Qxe4
Bxe4 34. Rxe4 fxe4 35. Kf2 Ke6 36. g4 h5 37. h3 1-0

[Event "World Senior 50+ 2014"]
[Site "Katerini GRE"]
[Date "2014.10.31"]
[Round "7.15"]
[White "Findlay, David John"]
[Black "Osmolny, Vladimir I."]
[Result "1-0"]
[BlackTitle "FM"]
[WhiteElo "2162"]
[BlackElo "2154"]
[WhiteFideId "2400278"]
[BlackFideId "24137049"]
[EventDate "2014.10.24"]

1. e4 c5 2. Nf3 d6 3. d4 cxd4 4. Nxd4 Nf6 5. Nc3 a6 6. f4 Nc6 7. Bc4 Qc7 8. Bb3
Na5 9. O-O Nxb3 10. axb3 e5 11. fxe5 dxe5 12. Nf5 Be6 13. Kh1 Nd7 14. Be3 Rd8
15. Qf3 f6 16. Rad1 Nb6 17. Rxd8+ Qxd8 18. Qg3 g6 19. Nh6 Bg7 20. Qh4 Nd7 21.
Rd1 Qc7 22. Rd2 Rf8 23. h3 Kd8 24. Qf2 Kc8 25. Nd5 Qa5 26. Qf1 Kb8 27. b4 Qa4
28. b3 Qc6 29. c4 Re8 30. b5 Qc8 31. Qa1 Bxh6 32. Bxh6 g5 33. bxa6 b6 34. Bg7
Bxd5 35. Rxd5 Rg8 36. Bxf6 Ka7 37. Be7 Rg7 38. Qa3 Qc7 39. Bd6 Qc6 40. Bxe5 Rf7
41. Qd6 Qxd6 42. Bxd6 Rf1+ 43. Kh2 h6 44. Bc7 Nc5 45. Rd6 Nxb3 46. Bxb6+ Kxa6
47. Rxh6 Kb7 48. c5 Re1 49. Rg6 Nd2 50. Rxg5 Rxe4 51. Rg7+ Kc6 52. Kg3 Rc4 53.
Rg4 Ne4+ 54. Kh4 Kd5 55. Rf4 Ra4 56. g4 Ra8 57. g5 Rg8 58. Rf5+ Ke6 59. Kg4 Rh8
60. Rf4 Kd5 61. h4 Rc8 62. h5 Ke5 63. h6 Rg8 64. Bc7+ Kd5 65. Rf5+ Kc6 66. Be5 1-0

[Event "World Senior 50+ 2014"]
[Site "Katerini GRE"]
[Date "2014.10.31"]
[Round "7.16"]
[White "Giulian, Philip M"]
[Black "Vardakas, Stefanos"]
[Result "1/2-1/2"]
[WhiteTitle "FM"]
[WhiteElo "2177"]
[BlackElo "1954"]
[WhiteFideId "2400197"]
[BlackFideId "4205294"]
[EventDate "2014.10.24"]

1. Nf3 Nf6 2. g3 d5 3. Bg2 c5 4. O-O Nc6 5. d4 e6 6. c4 dxc4 7. dxc5 Bxc5 8.
Qxd8+ Nxd8 9. Ne5 Bd7 10. Nd2 Rc8 11. Ndxc4 Bb5 12. b3 O-O 13. Bb2 Nd7 14. Nxd7
Bxd7 15. Rfd1 Bc6 16. Ne5 Bxg2 17. Kxg2 Be7 18. Rac1 Rxc1 19. Rxc1 f6 20. Nd7
Re8 21. Nc5 Bxc5 22. Rxc5 Nc6 23. Bc3 Rd8 24. b4 a6 25. a4 Rd7 26. e4 1/2-1/2

[Event "World Senior 50+ 2014"]
[Site "Katerini GRE"]
[Date "2014.10.31"]
[Round "7.17"]
[White "Bluvshtein, Ilia"]
[Black "Lim, Kian Hwa"]
[Result "1-0"]
[WhiteElo "2088"]
[BlackElo "1787"]
[WhiteFideId "2605317"]
[BlackFideId "5700744"]
[EventDate "2014.10.24"]

1. e4 e5 2. Nf3 Nc6 3. d4 exd4 4. Bc4 d6 5. Nxd4 Be7 6. O-O Nf6 7. Nc3 O-O 8. h3
Bd7 9. f4 a6 10. a4 Nxd4 11. Qxd4 c5 12. Qf2 b5 13. axb5 axb5 14. Rxa8 Qxa8 15.
Nxb5 Bxb5 16. Bxb5 Nxe4 17. Qf3 Bf6 18. c3 d5 19. Bd3 Re8 20. Re1 Bh4 21. Re2
Qa1 22. Qf1 f5 23. Bxe4 Rxe4 24. Rxe4 fxe4 25. Kh2 h6 26. Qd1 Kh8 27. g3 Be7 28.
Qxd5 Qxc1 29. Qa8+ Kh7 30. Qxe4+ Kh8 31. Qxe7 Qxb2+ 32. Kg1 Qxc3 33. Kf2 Qc2+
34. Kf3 c4 35. Qe8+ Kh7 36. Qe4+ Qxe4+ 37. Kxe4 Kg6 38. g4 h5 39. Kd4 hxg4 40.
hxg4 Kf7 41. Kxc4 g6 42. Kd5 Ke7 43. Ke5 Kf7 44. f5 gxf5 45. Kxf5 Kg7 46. Kg5
Kf7 47. Kh6 1-0

[Event "World Senior 50+ 2014"]
[Site "Katerini GRE"]
[Date "2014.10.31"]
[Round "7.19"]
[White "Patola, Eero"]
[Black "Auvinen, Esa"]
[Result "1/2-1/2"]
[WhiteElo "1857"]
[BlackElo "1972"]
[WhiteFideId "504092"]
[BlackFideId "501069"]
[EventDate "2014.10.24"]

1. e4 e5 2. Nf3 Nc6 3. Bb5 a6 4. Bxc6 dxc6 5. d4 exd4 6. Qxd4 Qxd4 7. Nxd4 c5 8.
Ne2 Be6 9. Nbc3 O-O-O 10. Bd2 Bd6 11. O-O-O 1/2-1/2